[Event "DEM U12/U12w 2008"]
[Site "Willingen GER"]
[Date "2008.05.14"]
[Round "6"]
[White "Bauer, Andreas"]
[Black "Stahnecker, Ludwig"]
[Result "1-0"]
[Termination "normal"]
[Board "2"]
[WhiteElo "1986"]
[BlackElo "1694"]
[PlyCount "117"]
[WhiteFideId "4625030"]
[BlackFideId "24692026"]
[EventCountry "GER"]
[EventRounds "11"]
[EventType "swiss"]
[EventDate "2008.05.10"]

1. d4 Nf6 2. Bf4 e6 3. e3 b6 4. Nd2 Bb7 5. Ngf3 d5 6. Bd3 Bd6 7. Bg3 O-O 8. Ne5
c5 9. c3 Nc6 10. f4 Ne7 11. Qf3 Rc8 12. Bf2 cxd4 13. exd4 Nd7 14. Qh3 f5 15.
Nxd7 Qxd7 16. Qe3 Ng6 17. g3 Rfe8 18. O-O b5 19. Nf3 b4 20. Be1 bxc3 21. Bxc3
h6 22. Rfe1 Bc6 23. Qe2 Rb8 24. Nd2 Bb4 25. Bxb4 Rxb4 26. Nb3 Kf7 27. Rac1 Rb6
28. Nc5 Qe7 29. Qd2 Qd6 30. b3 Bb5 31. Bb1 Re7 32. a4 Be8 33. Bd3 Nf8 34. b4
Qb8 35. b5 Qd6 36. Qe2 Rb8 37. Qe5 Qxe5 38. Rxe5 Nd7 39. Nxd7 Rxd7 40. Re2 g5
41. Rec2 gxf4 42. gxf4 Kf6 43. Be2 Rbb7 44. Rc8 Re7 45. Kf2 Kg7 46. Ke3 Kf6 47.
R1c5 Kg7 48. a5 Kf6 49. Kd2 Kg7 50. Kc3 Kf6 51. Kb4 Kg7 52. a6 Rbd7 53. Ka5 Kf6
54. b6 axb6+ 55. Kxb6 Rd6+ 56. Ka5 Kg7 57. R5c7 Kf6 58. a7 Rxc7 59. Rxc7 1-0

[Event "DEM U12/U12w 2008"]
[Site "Willingen GER"]
[Date "2008.05.14"]
[Round "6"]
[White "Kreyssig, Robert"]
[Black "Blübaum, Matthias"]
[Result "0-1"]
[Termination "normal"]
[Board "3"]
[WhiteElo "1775"]
[BlackElo "1912"]
[PlyCount "54"]
[WhiteFideId "4662881"]
[BlackFideId "24651516"]
[EventCountry "GER"]
[EventRounds "11"]
[EventType "swiss"]
[EventDate "2008.05.10"]

1. d4 Nf6 2. Nf3 c5 3. d5 b5 4. c4 Bb7 5. Qc2 bxc4 6. e4 e6 7. dxe6 fxe6 8. Nc3
Nc6 9. Bxc4 d5 10. exd5 exd5 11. Bb5 d4 12. Nb1 Qa5+ 13. Bd2 Qxb5 14. Na3 Qb6
15. O-O Be7 16. Nc4 Qc7 17. Qb3 Rb8 18. Rfe1 Ba8 19. Qd3 O-O 20. Ng5 Qb7 21. f3
Qd7 22. Ne6 Rfe8 23. Bf4 Rbc8 24. Qb3 Nd5 25. Re4 Nd8 26. Nxd8 Rcxd8 27. Ne5
Qb7 0-1

[Event "DEM U12/U12w 2008"]
[Site "Willingen GER"]
[Date "2008.05.14"]
[Round "6"]
[White "Peil, Christoph"]
[Black "Lampert, Jonas"]
[Result "0-1"]
[Termination "normal"]
[Board "4"]
[WhiteElo "1680"]
[BlackElo "1762"]
[PlyCount "158"]
[WhiteFideId "24651800"]
[BlackFideId "1303759"]
[EventCountry "GER"]
[EventRounds "11"]
[EventType "swiss"]
[EventDate "2008.05.10"]

1. e4 e5 2. Nf3 Nc6 3. Bc4 Nf6 4. d3 Be7 5. c3 d6 6. Nbd2 O-O 7. O-O Na5 8. Bb5
c5 9. Ba4 a6 10. Re1 b5 11. Bc2 Nc6 12. Nf1 Be6 13. Ng3 Qc7 14. h3 d5 15. exd5
Nxd5 16. Qe2 b4 17. Bd2 bxc3 18. bxc3 Rab8 19. Rab1 Rxb1 20. Rxb1 Rb8 21. Bb3
Nf6 22. Qd1 Bxb3 23. Rxb3 Rd8 24. c4 Rb8 25. Qb1 Nd7 26. Nf5 Bf6 27. Ne3 Rxb3
28. Qxb3 Qb6 29. Nd5 Qxb3 30. axb3 Kf8 31. Kf1 Be7 32. Bc3 Nd4 33. Nxd4 exd4
34. Ba5 Nf6 35. Nxf6 Bxf6 36. b4 cxb4 37. Bxb4+ Be7 38. Ba5 Bc5 39. Ke2 Ke7 40.
Kf3 Ke6 41. g4 f5 42. g5 g6 43. Ke2 Kd6 44. Kd1 Kc6 45. Kc2 Be7 46. h4 Bc5 47.
Kb3 Bd6 48. Ka4 Bf4 49. Be1 Bc7 50. Kb4 Bb6 51. Bd2 Bc7 52. Be1 Kb6 53. c5+ Kc6
54. Kc4 Be5 55. Bd2 Bg7 56. Bb4 Be5 57. Ba3 Bg7 58. Bb2 a5 59. f4 h5 60. Bc1 a4
61. Ba3 Bh8 62. Kb4 Be5 63. Bc1 Bg7 64. Kc4 Bf8 65. Ba3 Bg7 66. Bb2 Bf8 67.
Bxd4 a3 68. Bc3 Bxc5 69. d4 Bd6 70. d5+ Kd7 71. Kb3 Bxf4 72. Be1 Bd6 73. Bf2 f4
74. Be1 Be7 75. Bf2 f3 76. Be3 Bd6 77. Bf2 Bb4 78. Kxb4 a2 79. Bd4 f2 0-1

[Event "DEM U12/U12w 2008"]
[Site "Willingen GER"]
[Date "2008.05.14"]
[Round "6"]
[White "Grewenig, Jan"]
[Black "Möhn, Hans"]
[Result "1/2-1/2"]
[Termination "normal"]
[Board "5"]
[WhiteElo "1619"]
[BlackElo "1825"]
[PlyCount "55"]
[WhiteFideId "4657330"]
[BlackFideId "24647837"]
[EventCountry "GER"]
[EventRounds "11"]
[EventType "swiss"]
[EventDate "2008.05.10"]

1. e4 c5 2. Nf3 e6 3. d4 cxd4 4. Nxd4 a6 5. c4 Bc5 6. Be3 d6 7. Nc3 Nf6 8. Qd2
O-O 9. Be2 e5 10. Nc2 Bxe3 11. Nxe3 Nc6 12. O-O Ne8 13. Rfd1 Qg5 14. Nc2 Qxd2
15. Rxd2 f5 16. Rad1 Be6 17. b3 Rb8 18. Bf3 f4 19. h3 Rf7 20. Nd5 b5 21. cxb5
axb5 22. Ndb4 Nxb4 23. Nxb4 Rb6 24. Rc1 Rc7 25. Rxc7 Nxc7 26. Rc2 Na6 27. Nxa6
Rxa6 28. Be2 1/2-1/2

[Event "DEM U12/U12w 2008"]
[Site "Willingen GER"]
[Date "2008.05.14"]
[Round "6"]
[White "Rührmund, Daniel"]
[Black "Gibicar, Danijel"]
[Result "1-0"]
[Termination "normal"]
[Board "6"]
[WhiteElo "1823"]
[BlackElo "1662"]
[PlyCount "71"]
[WhiteFideId "24674583"]
[BlackFideId "24660256"]
[EventCountry "GER"]
[EventRounds "11"]
[EventType "swiss"]
[EventDate "2008.05.10"]

1. e4 e5 2. Nf3 Nf6 3. Nxe5 d6 4. Nf3 Nxe4 5. Nc3 Nxc3 6. dxc3 Be7 7. Bf4 O-O
8. Qd2 Nd7 9. O-O-O Nc5 10. h4 Bg4 11. Be2 Ne6 12. Be3 c6 13. Ng5 Bxg5 14. hxg5
Bxe2 15. Qxe2 Re8 16. Qh5 Nf8 17. Kb1 Qd7 18. Bc5 Re6 19. f4 Rg6 20. g4 h6 21.
Be3 f5 22. gxf6 Rxf6 23. g5 Rg6 24. Rdg1 Kh7 25. gxh6 Rxh6 26. Qg5 Rxh1 27.
Rxh1+ Kg8 28. Qh5 Qe6 29. Qh8+ Kf7 30. Bd4 g6 31. b3 b6 32. Qg7+ Ke8 33. Bf2
Qf5 34. Bh4 Qe6 35. Re1 Qxe1+ 36. Bxe1 1-0

[Event "DEM U12/U12w 2008"]
[Site "Willingen GER"]
[Date "2008.05.14"]
[Round "6"]
[White "Svane, Rasmus"]
[Black "Takeuchi, Eiki"]
[Result "1-0"]
[Termination "normal"]
[Board "7"]
[WhiteElo "1911"]
[BlackElo "1778"]
[PlyCount "63"]
[WhiteFideId "4657101"]
[BlackFideId "24663751"]
[EventCountry "GER"]
[EventRounds "11"]
[EventType "swiss"]
[EventDate "2008.05.10"]

1. e4 e6 2. d4 d5 3. Nd2 Nc6 4. Ngf3 Nf6 5. e5 Nd7 6. Be2 f6 7. exf6 Qxf6 8.
Nf1 Bd6 9. Ne3 O-O 10. O-O Nd8 11. Ng4 Qe7 12. Bd3 Nf7 13. Re1 Re8 14. Nge5
Nfxe5 15. dxe5 Bc5 16. Bg5 Qf7 17. Be3 Bxe3 18. Rxe3 g6 19. Ng5 Qg7 20. f4 c5
21. c3 Nf8 22. h4 Bd7 23. h5 gxh5 24. Rg3 h4 25. Rg4 h5 26. Rxh4 Ng6 27. Rxh5
Nxf4 28. Bh7+ Kh8 29. Bg6+ Nxh5 30. Qxh5+ Kg8 31. Rf1 Qh8 32. Bh7+ 1-0

[Event "DEM U12/U12w 2008"]
[Site "Willingen GER"]
[Date "2008.05.14"]
[Round "6"]
[White "Osmanodja, Filiz"]
[Black "Noe, Christopher"]
[Result "1-0"]
[Termination "normal"]
[Board "8"]
[WhiteElo "1984"]
[BlackElo "1877"]
[PlyCount "144"]
[WhiteFideId "24633569"]
[BlackFideId "24692018"]
[EventCountry "GER"]
[EventRounds "11"]
[EventType "swiss"]
[EventDate "2008.05.10"]

1. e4 e5 2. Nf3 Nc6 3. Bb5 a6 4. Ba4 Nf6 5. O-O Nxe4 6. d4 b5 7. Bb3 d5 8. dxe5
Be6 9. c3 Bc5 10. Bf4 O-O 11. Nbd2 Nxd2 12. Qxd2 Ne7 13. Nd4 c6 14. Bc2 Qd7 15.
Qd3 Ng6 16. Rae1 Rfc8 17. Bg3 Bxd4 18. cxd4 Nf8 19. f4 g6 20. Qc3 Bf5 21. Rc1
Bxc2 22. Rxc2 Qf5 23. Rf3 Ne6 24. Bf2 Rc7 25. h3 h5 26. Qd2 Rac8 27. b4 Ng7 28.
Ra3 Ra8 29. Qc1 Qd7 30. Rac3 Rac8 31. Qd1 Qf5 32. Qf3 Qe6 33. Ra3 Ra8 34. Kf1
Qf5 35. Rac3 Qe6 36. Ra3 Qe7 37. Qc3 Ne6 38. Qd2 a5 39. Rxa5 Rxa5 40. bxa5 Qa3
41. g3 Ng7 42. Kg2 Nf5 43. Qc3 Qxc3 44. Rxc3 Kf8 45. Ra3 Ke8 46. a6 Ra7 47. g4
hxg4 48. hxg4 Ng7 49. Kf3 Ne6 50. Ke3 Nc7 51. f5 gxf5 52. gxf5 Rxa6 53. Rxa6
Nxa6 54. Be1 Kf8 55. a3 Nc7 56. Bb4+ Kg7 57. Kf4 Kg8 58. Bd6 Ne8 59. Bb8 Ng7
60. Kg5 Kf8 61. Bd6+ Ke8 62. Bc5 Kd7 63. Kf6 Nh5+ 64. Kxf7 Nf4 65. e6+ Kc7 66.
e7 Nd3 67. e8=Q Nxc5 68. dxc5 d4 69. Qe7+ Kc8 70. Qe6+ Kb7 71. Qd7+ Ka6 72.
Qxc6+ Ka5 1-0

[Event "DEM U12/U12w 2008"]
[Site "Willingen GER"]
[Date "2008.05.14"]
[Round "6"]
[White "Lebeda, Timo"]
[Black "Galkin, Wladislaw"]
[Result "1/2-1/2"]
[Termination "normal"]
[Board "9"]
[WhiteElo "1889"]
[BlackElo "1969"]
[PlyCount "82"]
[WhiteFideId "4638565"]
[BlackFideId "4603192"]
[EventCountry "GER"]
[EventRounds "11"]
[EventType "swiss"]
[EventDate "2008.05.10"]

1. c4 e6 2. Nf3 d5 3. g3 Nf6 4. Bg2 Be7 5. O-O O-O 6. b3 b6 7. Nc3 Bb7 8. Bb2
c5 9. d4 Nc6 10. e3 dxc4 11. bxc4 Na5 12. Qe2 a6 13. Rfd1 Qc7 14. d5 exd5 15.
Nxd5 Nxd5 16. cxd5 b5 17. Be5 Bd6 18. Bxd6 Qxd6 19. e4 f6 20. Rac1 Rfe8 21. Qc2
Rac8 22. Bh3 Rc7 23. Nd4 Bc8 24. Be6+ Bxe6 25. Nxe6 Rxe6 26. dxe6 Qxe6 27. Qd2
Nb7 28. Qd5 Qxd5 29. exd5 Nd6 30. Re1 Nf5 31. d6 Nxd6 32. Re6 Nf5 33. Rxa6 Kf7
34. a4 bxa4 35. Rxa4 Ke6 36. Kg2 Kd5 37. Rd1+ Nd4 38. f3 Rb7 39. h4 h5 40. Rd2
g5 41. hxg5 fxg5 1/2-1/2

[Event "DEM U12/U12w 2008"]
[Site "Willingen GER"]
[Date "2008.05.14"]
[Round "6"]
[White "Carow, Johannes"]
[Black "Kyas, Philipp"]
[Result "1/2-1/2"]
[Termination "normal"]
[Board "10"]
[WhiteElo "1668"]
[BlackElo "1816"]
[PlyCount "51"]
[WhiteFideId "24692050"]
[BlackFideId "24670936"]
[EventCountry "GER"]
[EventRounds "11"]
[EventType "swiss"]
[EventDate "2008.05.10"]

1. d4 Nf6 2. c4 e6 3. g3 c5 4. d5 d6 5. Nc3 exd5 6. cxd5 g6 7. Bg2 Bg7 8. Nf3
O-O 9. O-O a6 10. a4 Bg4 11. Nd2 Bc8 12. Nc4 Ne8 13. Bf4 Bxc3 14. bxc3 Qc7 15.
Qd2 Nd7 16. Rfd1 f6 17. Bh6 Ng7 18. f4 f5 19. Bxg7 Kxg7 20. e4 fxe4 21. Bxe4
Nf6 22. Bf3 Bf5 23. Re1 Rfe8 24. Re3 Rxe3 25. Nxe3 Bd7 26. g4 1/2-1/2

[Event "DEM U12/U12w 2008"]
[Site "Willingen GER"]
[Date "2008.05.14"]
[Round "6"]
[White "Xu, Xianliang"]
[Black "Urban, Lars"]
[Result "1/2-1/2"]
[Termination "normal"]
[Board "11"]
[WhiteElo "1801"]
[BlackElo "1857"]
[PlyCount "90"]
[WhiteFideId "4603230"]
[BlackFideId "4644034"]
[EventCountry "GER"]
[EventRounds "11"]
[EventType "swiss"]
[EventDate "2008.05.10"]

1. e4 e6 2. Nf3 d5 3. e5 c5 4. b4 b6 5. c3 Qc7 6. a3 Ne7 7. d4 Ng6 8. h4 cxd4
9. cxd4 Nc6 10. h5 Nge7 11. Bb2 Bd7 12. Bd3 Nf5 13. Bxf5 exf5 14. Nc3 Be6 15.
Rc1 Qb7 16. Qd3 a6 17. Ne2 Rc8 18. Nf4 Be7 19. O-O O-O 20. Rfe1 h6 21. Kh1 Rfd8
22. Ng1 b5 23. Nge2 Na7 24. Nxe6 fxe6 25. Nf4 Qd7 26. Ng6 Rxc1 27. Rxc1 Bg5 28.
f4 Be7 29. Qg3 Rc8 30. Rc3 Bf8 31. Qe3 Rxc3 32. Qxc3 Qc6 33. Qxc6 Nxc6 34. Kg1
a5 35. bxa5 Nxa5 36. Nxf8 Kxf8 37. Bc3 Nc4 38. Kf2 Kf7 39. Bb4 g6 40. hxg6+
Kxg6 41. Kf3 Kh5 42. Kg3 Ne3 43. Kf3 Nc4 44. Kg3 Ne3 45. Kf3 Nc4 1/2-1/2

[Event "DEM U12/U12w 2008"]
[Site "Willingen GER"]
[Date "2008.05.14"]
[Round "6"]
[White "Kuckling, Hannah"]
[Black "Wagner, Dennis"]
[Result "1/2-1/2"]
[Termination "normal"]
[Board "13"]
[WhiteElo "1531"]
[BlackElo "1943"]
[PlyCount "116"]
[WhiteFideId "24603660"]
[BlackFideId "24650684"]
[EventCountry "GER"]
[EventRounds "11"]
[EventType "swiss"]
[EventDate "2008.05.10"]

1. e4 e5 2. Nf3 Nc6 3. Bb5 a6 4. Ba4 Nf6 5. O-O Be7 6. Re1 b5 7. Bb3 O-O 8. c3
d6 9. h3 Na5 10. Bc2 d5 11. exd5 e4 12. Ng5 Nxd5 13. Nxe4 f5 14. Ng3 f4 15. Nf1
f3 16. d4 fxg2 17. Kxg2 Bb7 18. Be4 g6 19. Nbd2 Nf4+ 20. Kh2 Qd6 21. Ng3 Nd3
22. Re2 Nxf2 23. Qe1 Bh4 24. Ndf1 Nxe4 25. Rxe4 Bxe4 26. Qxe4 Bxg3+ 27. Nxg3
Rf2+ 28. Kh1 Qc6 29. Kg1 Raf8 30. Qxc6 Nxc6 31. Bh6 R8f3 32. Re1 Rxg3+ 33. Kxf2
Rxh3 34. Bf4 Kf7 35. Bxc7 Ne7 36. Bd6 Nd5 37. Re5 Nf4 38. Re7+ Kf6 39. Ra7 Nd3+
40. Kg2 Re3 41. Rxa6 Re6 42. Rb6 h5 43. Kf3 g5 44. d5 g4+ 45. Kg3 Re3+ 46. Kg2
Kf5 47. Bg3 Re2+ 48. Kf1 Rxb2 49. d6 Nc5 50. c4 Ne4 51. Bh4 Nxd6 52. Rxd6 bxc4
53. Rc6 Rxa2 54. Rxc4 Ra1+ 55. Kg2 Ra2+ 56. Kf1 Ra1+ 57. Kg2 Ra2+ 58. Kf1 Ra1+
1/2-1/2

[Event "DEM U12/U12w 2008"]
[Site "Willingen GER"]
[Date "2008.05.14"]
[Round "6"]
[White "Carmesin, Matthias"]
[Black "Schuhmacher, Jakob"]
[Result "1-0"]
[Termination "normal"]
[Board "14"]
[WhiteElo "1641"]
[BlackElo "1657"]
[PlyCount "43"]
[WhiteFideId "4635965"]
[BlackFideId "4612787"]
[EventCountry "GER"]
[EventRounds "11"]
[EventType "swiss"]
[EventDate "2008.05.10"]

1. Nf3 c5 2. g3 d5 3. Bg2 Nc6 4. d4 Nf6 5. O-O Bf5 6. c4 e6 7. Nc3 Ne4 8. cxd5
exd5 9. Bf4 Nxc3 10. bxc3 Be4 11. Qb3 b6 12. Rfd1 c4 13. Qb2 Be7 14. Ne5 Nxe5
15. Bxe4 dxe4 16. dxe5 Qc8 17. Qb5+ Kf8 18. Rd4 Qb7 19. Rad1 a6 20. Qxc4 b5 21.
Qb3 Bc5 22. Rd7 1-0

[Event "DEM U12/U12w 2008"]
[Site "Willingen GER"]
[Date "2008.05.14"]
[Round "6"]
[White "Moritz, Aron"]
[Black "Groetzbach, Julian"]
[Result "1/2-1/2"]
[Termination "normal"]
[Board "15"]
[WhiteElo "1984"]
[BlackElo "1484"]
[PlyCount "78"]
[WhiteFideId "24672319"]
[BlackFideId "24600938"]
[EventCountry "GER"]
[EventRounds "11"]
[EventType "swiss"]
[EventDate "2008.05.10"]

1. e4 c5 2. Nf3 d6 3. d4 cxd4 4. Nxd4 Nf6 5. Nc3 g6 6. Be3 Bg7 7. f3 O-O 8. Bc4
Nc6 9. Qd2 Bd7 10. O-O-O Rc8 11. Bb3 Ne5 12. Kb1 a6 13. g4 b5 14. g5 Nh5 15.
Bf2 b4 16. Nd5 a5 17. Nf4 Nxf4 18. Qxf4 e6 19. c3 bxc3 20. h4 a4 21. Bc2 Qb6
22. Qc1 Qxb2+ 23. Qxb2 cxb2 24. Kxb2 Nxf3 25. Kb1 Nxd4 26. Bxd4 Bxd4 27. Rxd4
Rc6 28. Bxa4 Rb6+ 29. Ka1 Bxa4 30. Rxa4 Rfb8 31. Rd4 Rb4 32. Rhd1 e5 33. Rxd6
Rxe4 34. Rd8+ Rxd8 35. Rxd8+ Kg7 36. Re8 Re1+ 37. Kb2 e4 38. a4 f5 39. gxf6+
Kf7 1/2-1/2

[Event "DEM U12/U12w 2008"]
[Site "Willingen GER"]
[Date "2008.05.14"]
[Round "6"]
[White "Töws, Manuel"]
[Black "Golosnyak, Alexander"]
[Result "0-1"]
[Termination "normal"]
[Board "16"]
[WhiteElo "1617"]
[BlackElo "1479"]
[PlyCount "72"]
[WhiteFideId "24654485"]
[BlackFideId "24659703"]
[EventCountry "GER"]
[EventRounds "11"]
[EventType "swiss"]
[EventDate "2008.05.10"]

1. d4 d5 2. c4 e6 3. Nc3 Nf6 4. Nf3 Be7 5. e3 Nbd7 6. Bd3 dxc4 7. Bxc4 a6 8.
O-O O-O 9. e4 b5 10. Bd3 Nb6 11. a3 Bb7 12. b4 Qd7 13. Bb2 Rfd8 14. Qc2 h6 15.
Ne5 Qe8 16. Rad1 Bd6 17. Nf3 Be7 18. Ne2 Rac8 19. Rc1 Na4 20. Ba1 Nb6 21. Ne5
Rd6 22. f4 Nfd7 23. Nxd7 Qxd7 24. Rfd1 Qe8 25. Qd2 Qd7 26. Rc2 Rc6 27. Rdc1
Rxc2 28. Rxc2 Bf6 29. Qc1 e5 30. d5 Qe7 31. f5 Qd6 32. Qe1 c6 33. Rd2 Bg5 34.
Rd1 cxd5 35. exd5 Qxd5 36. Qf2 Be3 0-1

[Event "DEM U12/U12w 2008"]
[Site "Willingen GER"]
[Date "2008.05.14"]
[Round "6"]
[White "Powierski, Emil"]
[Black "Gubela, Hans-Erich Constantin"]
[Result "1-0"]
[Termination "normal"]
[Board "17"]
[WhiteElo "1564"]
[BlackElo "1460"]
[PlyCount "83"]
[WhiteFideId "4656199"]
[BlackFideId "24692140"]
[EventCountry "GER"]
[EventRounds "11"]
[EventType "swiss"]
[EventDate "2008.05.10"]

1. e4 c5 2. Nf3 a6 3. c4 e6 4. Nc3 d6 5. d4 cxd4 6. Nxd4 Nf6 7. Be3 b6 8. Bd3
Bb7 9. O-O Nbd7 10. f3 Be7 11. Rc1 Rc8 12. b3 O-O 13. Nde2 Qc7 14. Ng3 Rfd8 15.
f4 Qb8 16. Qe2 Nc5 17. Bb1 d5 18. e5 Nfe4 19. Ncxe4 dxe4 20. Rcd1 Rxd1 21. Rxd1
Rd8 22. Rxd8+ Qxd8 23. Qd2 Qc7 24. Qd4 f5 25. exf6 Bxf6 26. Qd2 e5 27. f5 Bh4
28. Nf1 Qd8 29. Qxd8+ Bxd8 30. Ng3 Nd3 31. Nf1 b5 32. cxb5 axb5 33. Nd2 Ba5 34.
Kf1 Bxd2 35. Bxd2 Nf4 36. Be3 Nd5 37. Kf2 Ne7 38. g4 Bd5 39. a4 Bxb3 40. axb5
Bd5 41. Bc5 Kf7 42. Ke3 1-0

[Event "DEM U12/U12w 2008"]
[Site "Willingen GER"]
[Date "2008.05.14"]
[Round "6"]
[White "Voggenreiter, Simon"]
[Black "Holle, Cedric"]
[Result "0-1"]
[Termination "normal"]
[Board "18"]
[WhiteElo "1746"]
[BlackElo "1455"]
[PlyCount "112"]
[WhiteFideId "24615501"]
[BlackFideId "24692158"]
[EventCountry "GER"]
[EventRounds "11"]
[EventType "swiss"]
[EventDate "2008.05.10"]

1. e4 e5 2. Nf3 Nc6 3. d4 exd4 4. Bc4 Bc5 5. O-O d6 6. Bb5 Nge7 7. Nxd4 Bxd4 8.
Qxd4 O-O 9. Qd1 a6 10. Bd3 Ng6 11. f4 f5 12. Qh5 Qf6 13. Nc3 Nb4 14. Nd5 Nxd5
15. exd5 Qd4+ 16. Kh1 Bd7 17. Qf3 Rae8 18. c3 Qc5 19. Bd2 Nh4 20. Qh3 Qxd5 21.
Rad1 Bc6 22. Rg1 Rf6 23. c4 Qd4 24. Bc3 Qxf4 25. Bxf6 gxf6 26. Qg3+ Qg5 27. Qf2
Re3 28. Bf1 Kf7 29. Be2 f4 30. Rd5 Bxd5 31. cxd5 c6 32. dxc6 bxc6 33. Bxa6 d5
34. a4 Ng6 35. a5 Qe5 36. Bb7 Qc7 37. a6 Qa5 38. Qf1 Qc5 39. Qc1 Qd4 40. Qxc6
Ne7 41. Qc2 f5 42. Ra1 h5 43. h3 f3 44. gxf3 Rxf3 45. Qa4 Qxb2 46. Bxd5+ Nxd5
47. Qd7+ Ne7 48. Qa4 Rxh3+ 49. Kg1 Qh2+ 50. Kf1 Rf3+ 51. Ke1 Qg1+ 52. Ke2 Re3+
53. Kd2 Qf2+ 54. Kc1 Re1+ 55. Qd1 Rxd1+ 56. Kxd1 Qf1+ 0-1

[Event "DEM U12/U12w 2008"]
[Site "Willingen GER"]
[Date "2008.05.14"]
[Round "6"]
[White "Bonk, Andras"]
[Black "Niedermayer, Julian Andi"]
[Result "0-1"]
[Termination "normal"]
[Board "19"]
[WhiteElo "1473"]
[BlackElo "1739"]
[PlyCount "84"]
[WhiteFideId "24692123"]
[BlackFideId "24600792"]
[EventCountry "GER"]
[EventRounds "11"]
[EventType "swiss"]
[EventDate "2008.05.10"]

1. e4 c6 2. d4 d5 3. exd5 cxd5 4. Bd3 Nc6 5. c3 Qc7 6. Ne2 Bg4 7. f3 Bd7 8. Bf4
Qb6 9. Nd2 Nf6 10. Nb3 e6 11. Be5 Be7 12. a4 a5 13. Ng3 Rc8 14. f4 O-O 15. O-O
Ne8 16. Nc5 Bxc5 17. dxc5 Qxc5+ 18. Kh1 Nxe5 19. fxe5 f5 20. exf6 Nxf6 21. Nh5
Qc7 22. Re1 Bc6 23. Nf4 e5 24. Bb5 Qd6 25. Bxc6 bxc6 26. Nd3 Ne4 27. Kg1 Rf5
28. b4 Nxc3 29. Qb3 axb4 30. Nxb4 Qc5+ 31. Kh1 Ne4 32. Rxe4 Rb8 33. Rg4 h5 34.
Rh4 g5 35. Qh3 Qf2 36. g3 gxh4 37. Nxc6 Qf3+ 38. Kg1 Qe3+ 39. Kh1 Qe4+ 40. Kg1
Rb1+ 41. Rxb1 Qxb1+ 42. Kg2 Qf1# 0-1

[Event "DEM U12/U12w 2008"]
[Site "Willingen GER"]
[Date "2008.05.14"]
[Round "6"]
[White "Scheel, Henrik"]
[Black "Eigemann, Frederik"]
[Result "1/2-1/2"]
[Termination "normal"]
[Board "20"]
[WhiteElo "1481"]
[BlackElo "1685"]
[PlyCount "95"]
[WhiteFideId "24692115"]
[BlackFideId "24692034"]
[EventCountry "GER"]
[EventRounds "11"]
[EventType "swiss"]
[EventDate "2008.05.10"]

1. e4 e6 2. d4 d5 3. exd5 exd5 4. Qf3 Bd6 5. Bd3 Ne7 6. Ne2 c6 7. Bf4 Bxf4 8.
Qxf4 Nd7 9. Qg3 Qb6 10. b3 O-O 11. O-O Nf6 12. c3 Re8 13. Re1 Bf5 14. Bxf5 Nxf5
15. Qd3 Nd6 16. Nd2 Nde4 17. Nxe4 Nxe4 18. Ng3 Nxg3 19. hxg3 Qc7 20. Re3 Re7
21. Rae1 Rae8 22. R1e2 Rxe3 23. Rxe3 Qd7 24. Qe2 Rxe3 25. Qxe3 Qe6 26. Qf4 Qc8
27. Qe5 f6 28. Qe7 h6 29. f3 Kh7 30. g4 a5 31. Kf2 b6 32. Qd6 Qb7 33. f4 b5 34.
f5 b4 35. cxb4 Qxb4 36. Qe6 Qxd4+ 37. Kf3 c5 38. Qe8 Qe5 39. Qb5 Qe4+ 40. Kg3
Qe1+ 41. Kf3 Qc3+ 42. Ke2 c4 43. Qxd5 cxb3 44. Qxb3 Qe5+ 45. Kf3 Qc7 46. Qd5
Qc3+ 47. Kf4 Qc7+ 48. Kf3 1/2-1/2

[Event "DEM U12/U12w 2008"]
[Site "Willingen GER"]
[Date "2008.05.14"]
[Round "6"]
[White "Schreiber, Kevin"]
[Black "Abdelrazek, Ahmed"]
[Result "1/2-1/2"]
[Termination "normal"]
[Board "21"]
[WhiteElo "1442"]
[BlackElo "1673"]
[PlyCount "80"]
[WhiteFideId "24655830"]
[EventCountry "GER"]
[EventRounds "11"]
[EventType "swiss"]
[EventDate "2008.05.10"]

1. d4 Nf6 2. Nf3 c5 3. c3 e6 4. Bf4 b6 5. e3 d5 6. Nbd2 Be7 7. Bd3 O-O 8. h3
Ba6 9. Bxa6 Nxa6 10. Qe2 Nc7 11. Ne5 Bd6 12. Ndf3 Ne4 13. Nc6 Qd7 14. Bxd6 Qxd6
15. Nce5 f6 16. Nd3 c4 17. Nb4 a5 18. Nc2 b5 19. O-O Na6 20. Nd2 Nxd2 21. Qxd2
b4 22. Rfb1 Rfb8 23. b3 bxc3 24. Qxc3 cxb3 25. axb3 Nb4 26. Nxb4 axb4 27. Qb2
Ra3 28. Ra2 Rba8 29. Rba1 Kf7 30. Rxa3 Rxa3 31. Rc1 Ra7 32. Rc5 Rc7 33. Qc2
Rxc5 34. dxc5 Qc6 35. Qxh7 Qxc5 36. Qh4 Ke7 37. Qh7 Qc1+ 38. Kh2 Qc7+ 39. Kg1
Kd6 40. Qh8 Ke5 1/2-1/2

[Event "DEM U12/U12w 2008"]
[Site "Willingen GER"]
[Date "2008.05.14"]
[Round "6"]
[White "Bokemaer, David"]
[Black "Schnorr, Christian"]
[Result "0-1"]
[Termination "normal"]
[Board "22"]
[WhiteElo "1433"]
[BlackElo "1650"]
[PlyCount "114"]
[EventCountry "GER"]
[EventRounds "11"]
[EventType "swiss"]
[EventDate "2008.05.10"]

1. e4 c5 2. Nf3 Nc6 3. d4 cxd4 4. Nxd4 e5 5. Nf3 Nf6 6. Bg5 Bc5 7. Bb5 Bxf2+ 8.
Kxf2 Nxe4+ 9. Kf1 Nxg5 10. Bxc6 bxc6 11. Nbd2 Qf6 12. Qe2 Nxf3 13. Qxf3 Qxf3+
14. Nxf3 f6 15. Kf2 d5 16. Rhe1 O-O 17. h3 Bf5 18. c3 Rab8 19. Re2 Rb7 20. Rd1
Rfb8 21. Rdd2 a5 22. Kg3 a4 23. a3 Bg6 24. Kf2 Bf7 25. g4 Re8 26. Kg3 Rc8 27.
Kf2 c5 28. g5 e4 29. Nh2 f5 30. Kg3 g6 31. Kf4 Re8 32. Re3 Rd7 33. Nf1 d4 34.
cxd4 cxd4 35. Re1 Rc8 36. Red1 d3 37. Ne3 Bb3 38. Rh1 Be6 39. h4 Bf7 40. Rg1
Rb7 41. Rh1 Kg7 42. h5 Bb3 43. hxg6 hxg6 44. Rdh2 Bg8 45. Rd2 Rbc7 46. Rhh2 Rc1
47. Rhg2 Bb3 48. Ke5 R1c2 49. Nf1 Rxd2 50. Rxd2 Rc2 51. Kd4 Rxd2 52. Nxd2 Be6
53. Ke3 Kf7 54. Kf4 Ba2 55. Ke3 Ke6 56. Kd4 Bd5 57. Nf1 f4 0-1

[Event "DEM U12/U12w 2008"]
[Site "Willingen GER"]
[Date "2008.05.14"]
[Round "6"]
[White "Zimmermann, Christian"]
[Black "Steimbach, Isabel"]
[Result "1-0"]
[Termination "normal"]
[Board "23"]
[WhiteElo "1645"]
[BlackElo "1448"]
[PlyCount "69"]
[WhiteFideId "24692069"]
[BlackFideId "24692174"]
[EventCountry "GER"]
[EventRounds "11"]
[EventType "swiss"]
[EventDate "2008.05.10"]

1. e4 e5 2. Nf3 Nc6 3. Bc4 Nf6 4. d3 d5 5. exd5 Nxd5 6. O-O Be7 7. Re1 Nb6 8.
Bb5 f6 9. Bxc6+ bxc6 10. h3 O-O 11. Nc3 Bf5 12. Bd2 Rb8 13. Ne4 Nd5 14. b3 Bd7
15. Qe2 Nb4 16. d4 Nxc2 17. Qc4+ Kh8 18. Qxc2 f5 19. Nc3 e4 20. Ne5 Be8 21. Ne2
Qd6 22. Bf4 Qe6 23. Rac1 g5 24. Nxc6 gxf4 25. Nxb8 f3 26. Nf4 Qh6 27. Nd5 Rg8
28. Ne3 Qxh3 29. g3 f4 30. Qxe4 fxe3 31. Qxf3 Bh4 32. Rxe3 Bxg3 33. fxg3 Bh5
34. Qf6+ Rg7 35. Rxc7 1-0

[Event "DEM U12/U12w 2008"]
[Site "Willingen GER"]
[Date "2008.05.14"]
[Round "6"]
[White "Große, Christian"]
[Black "Lagunov, Elina"]
[Result "1-0"]
[Termination "normal"]
[Board "24"]
[WhiteElo "1885"]
[BlackElo "1431"]
[PlyCount "61"]
[WhiteFideId "24646156"]
[BlackFideId "4673387"]
[EventCountry "GER"]
[EventRounds "11"]
[EventType "swiss"]
[EventDate "2008.05.10"]

1. e4 e5 2. Bc4 Nf6 3. d3 Nc6 4. Nf3 Bc5 5. O-O d6 6. c3 O-O 7. Bb3 h6 8. Nbd2
b5 9. h3 a5 10. Re1 a4 11. Bc2 Be6 12. Nf1 Qd7 13. d4 exd4 14. cxd4 Bb4 15. d5
Bxe1 16. Nxe1 Ne5 17. dxe6 fxe6 18. Ng3 Nc4 19. Nf3 Rfb8 20. Qe2 c5 21. Bd3 Na5
22. Bf4 c4 23. Bc2 b4 24. Rd1 e5 25. Bxe5 Rb6 26. Qe3 Raa6 27. Bxf6 gxf6 28.
Nf5 h5 29. Qh6 Qf7 30. N3h4 b3 31. Ng6 1-0